[Event "ISR-chT 1011"]
[Site "Israel"]
[Date "2011.03.11"]
[Round "5.2"]
[White "Lerner, Konstantin Z"]
[Black "Gerzhoy, Leonid"]
[Result "1/2-1/2"]
[WhiteElo "2521"]
[BlackElo "2498"]
[PlyCount "41"]
[GameId "1166653926948864"]
[EventDate "2010.12.24"]
[EventType "team-tourn"]
[EventRounds "11"]
[EventCountry "ISR"]
[SourceTitle "EXT 2012"]
[Source "ChessBase"]
[SourceDate "2011.11.24"]
[SourceVersion "1"]
[SourceVersionDate "2011.11.24"]
[SourceQuality "1"]
[WhiteTeam "Kefar Sava Hapoel"]
[BlackTeam "Petah Tikva Hapoel"]
[WhiteTeamCountry "ISR"]
[BlackTeamCountry "ISR"]

1. d4 d5 2. c4 e6 3. Nc3 Nf6 4. cxd5 Nxd5 5. Nf3 c5 6. e3 cxd4 7. exd4 Be7 8. Bc4 O-O 9. O-O Nc6 10. Re1 a6 11. Bb3 Nf6 12. Bf4 Na5 13. Bc2 b5 14. Ne5 Bb7 15. Qd3 Rc8 16. Rad1 Nc4 17. Nxc4 Rxc4 18. Be5 g6 19. Bb3 Rc8 20. d5 Nxd5 21. Nxd5 1/2-1/2

[Event "Chicago op 20th"]
[Site "Wheeling"]
[Date "2011.05.28"]
[Round "4"]
[White "Stopa, Jacek"]
[Black "Gerzhoy, Leonid"]
[Result "1/2-1/2"]
[WhiteElo "2460"]
[BlackElo "2496"]
[PlyCount "93"]
[GameId "1166654309453824"]
[EventDate "2011.05.26"]
[EventType "swiss"]
[EventRounds "9"]
[EventCountry "USA"]
[SourceTitle "CBM 142 Extra"]
[Source "ChessBase"]
[SourceDate "2011.06.27"]
[SourceVersion "1"]
[SourceVersionDate "2011.06.27"]
[SourceQuality "1"]

1. e4 e5 2. Nf3 Nc6 3. Bc4 Bc5 4. b4 Bxb4 5. c3 Ba5 6. d4 exd4 7. Qb3 Qe7 8. O-O Bb6 9. cxd4 Na5 10. Qc2 Nxc4 11. Qxc4 d6 12. a4 a5 13. Nc3 Be6 14. Qd3 Qd7 15. Be3 Bg4 16. Nd2 Ne7 17. Nc4 O-O 18. f3 Bh5 19. Nxb6 cxb6 20. g4 Bg6 21. d5 h5 22. h3 hxg4 23. hxg4 f5 24. exf5 Nxf5 25. gxf5 Rxf5 26. Ne4 Raf8 27. Qe2 Rxd5 28. Rad1 Rxd1 29. Qxd1 Bxe4 30. fxe4 Rxf1+ 31. Kxf1 Qh3+ 32. Ke2 Qg4+ 33. Kd2 Qxe4 34. Qb3+ d5 35. Bxb6 Qg2+ 36. Ke1 Qh1+ 37. Ke2 Qg2+ 38. Bf2 Qe4+ 39. Kd1 Qg4+ 40. Kc1 Qf4+ 41. Be3 Qf1+ 42. Kb2 Qe2+ 43. Ka3 Qf3 44. Qb6 Qe4 45. Qc5 Kf7 46. Qb6 Qd3+ 47. Kb2 1/2-1/2

[Event "Foxwoods op"]
[Site "Mashantucket"]
[Date "2014.01.24"]
[Round "4"]
[White "Gerzhoy, Leonid"]
[Black "Bonin, Jay R"]
[Result "1/2-1/2"]
[WhiteElo "2481"]
[BlackElo "2303"]
[PlyCount "153"]
[GameId "1166657832824832"]
[EventDate "2014.01.03"]
[EventType "swiss"]
[EventRounds "9"]
[EventCountry "USA"]
[SourceTitle "CBM 158 Extra"]
[Source "ChessBase"]
[SourceDate "2014.02.28"]
[SourceVersion "1"]
[SourceVersionDate "2014.02.28"]
[SourceQuality "1"]

1. c4 Nf6 2. Nc3 g6 3. g3 Bg7 4. Bg2 O-O 5. d4 Nc6 6. e3 e6 7. Nge2 d5 8. b3 Re8 9. O-O b6 10. cxd5 exd5 11. Nf4 Ne7 12. Ba3 c6 13. Rc1 Nf5 14. Nd3 Bb7 15. Re1 Ne4 16. Nxe4 dxe4 17. Nf4 Bh6 18. Bb2 a5 19. Qc2 Qe7 20. Bh3 Ng7 21. d5 cxd5 22. Qc3 Rad8 23. Red1 f5 24. Qd4 Qd6 25. Bf1 Re7 26. Nxd5 Bxd5 27. Qxd5+ Qxd5 28. Rxd5 Rxd5 29. Bc4 Red7 30. Rd1 Bg5 31. Rxd5 Rxd5 32. Bxd5+ Kf8 33. Bd4 Bd8 34. a4 h5 35. h3 Ne8 36. Kg2 Nf6 37. Bc6 Ke7 38. f4 exf3+ 39. Kxf3 Bc7 40. e4 Nxe4 41. Bxe4 fxe4+ 42. Kxe4 Ke6 43. g4 hxg4 44. hxg4 Bd8 45. Be3 Kd6 46. Bf2 Ke6 47. Bg3 Be7 48. Kd4 Kd7 49. Kd5 Bc5 50. Bf4 Bf2 51. Bg5 Bg3 52. Be3 Bc7 53. Bd4 Bd8 54. Bf2 Bc7 55. Be3 Bd8 56. Ke5 Kc6 57. Ke6 b5 58. Bd4 bxa4 59. bxa4 Bh4 60. Bf6 Be1 61. Be7 Bc3 62. Bf6 Bd2 63. Bd4 Be1 64. Be3 Bc3 65. Kf7 Kd5 66. Kxg6 Kc4 67. Kf7 Kb3 68. g5 Kxa4 69. g6 Kb5 70. Bg5 a4 71. Be7 Kc4 72. Bf6 a3 73. g7 a2 74. Bxc3 Kxc3 75. g8=Q Kb2 76. Qb8+ Ka1 77. Qe5+ 1/2-1/2

[Event "Capablanca Memorial op 49th"]
[Site "Havana"]
[Date "2014.05.09"]
[Round "2"]
[White "Martinez Ramirez, Lennis"]
[Black "Gerzhoy, Leonid"]
[Result "0-1"]
[WhiteElo "2330"]
[BlackElo "2472"]
[PlyCount "45"]
[GameId "1166658055147520"]
[EventDate "2014.04.08"]
[EventType "swiss"]
[EventRounds "10"]
[EventCountry "CUB"]
[SourceTitle "CBM 160 Extra"]
[Source "ChessBase"]
[SourceDate "2014.07.01"]
[SourceVersion "1"]
[SourceVersionDate "2014.07.01"]
[SourceQuality "1"]

1. e4 c6 2. d4 d5 3. Nc3 dxe4 4. Nxe4 Nf6 5. Nxf6+ exf6 6. Nf3 Bd6 7. Bd3 O-O 8. O-O Bg4 9. h3 Bh5 10. Re1 Nd7 11. Bf5 Qc7 12. Qd3 Bg6 13. Bxg6 hxg6 14. Be3 Rfe8 15. c4 f5 16. Bg5 Nf6 17. Bxf6 gxf6 18. a3 Bf8 19. Rxe8 Rxe8 20. Re1 Re6 21. g3 Qe7 22. Rd1 Re2 23. Qxf5 0-1

[Event "Titled Tuesday intern op 03rd Aug"]
[Site "Chess.com INT"]
[Date "2021.08.03"]
[Round "5"]
[White "Gerzhoy, Leonid"]
[Black "Vusatiuk, Vladimir"]
[Result "1-0"]
[WhiteElo "2348"]
[BlackElo "2323"]
[PlyCount "109"]
[GameId "1679639375142912"]
[EventDate "2021.08.03"]
[EventType "swiss (blitz)"]
[EventRounds "11"]
[EventCountry "USA"]
[SourceTitle "CBM 203 Extra"]
[Source "ChessBase"]
[SourceDate "2021.09.30"]
[SourceVersion "1"]
[SourceVersionDate "2021.09.30"]
[SourceQuality "1"]

1. d4 Nf6 2. Nf3 b6 3. Bg5 Ne4 4. Bh4 Bb7 5. Nbd2 g6 6. e3 Bg7 7. Nxe4 Bxe4 8. Bd3 Bb7 9. O-O O-O 10. c3 d6 11. e4 Nd7 12. Qe2 Qe8 13. Ba6 Bxa6 14. Qxa6 e5 15. dxe5 Nxe5 16. Nxe5 Bxe5 17. f4 Bg7 18. Qd3 Qc6 19. Qd5 Qxd5 20. exd5 Rfe8 21. Rfe1 f5 22. Rxe8+ Rxe8 23. Re1 Rxe1+ 24. Bxe1 Bf6 25. Kf1 Kf7 26. Ke2 a5 27. a4 Ke7 28. Kd3 Kd7 29. Kc4 c6 30. b4 Kc7 31. dxc6 axb4 32. cxb4 Kxc6 33. b5+ Kd7 34. Kd5 Bd8 35. Bb4 Bc7 36. h3 h5 37. g3 Bb8 38. a5 bxa5 39. Bxa5 Ba7 40. b6 Bb8 41. Bb4 h4 42. gxh4 Kc8 43. Bxd6 Bxd6 44. Kxd6 Kb7 45. Ke6 Kxb6 46. Kf6 Kc6 47. Kxg6 Kd7 48. Kxf5 Ke7 49. Kg6 Kf8 50. f5 Kg8 51. h5 Kh8 52. f6 Kg8 53. f7+ Kf8 54. h6 Ke7 55. Kg7 1-0

[Event "Titled Tuesday intern op 17th Aug"]
[Site "Chess.com INT"]
[Date "2021.08.17"]
[Round "1"]
[White "Gerzhoy, Leonid"]
[Black "Samaganova, Alexandra"]
[Result "1-0"]
[WhiteElo "2348"]
[BlackElo "1965"]
[PlyCount "71"]
[GameId "1684669019742208"]
[EventDate "2021.08.17"]
[EventType "swiss (blitz)"]
[EventRounds "11"]
[EventCountry "USA"]
[SourceTitle "EXT 2022"]
[Source "ChessBase"]
[SourceDate "2021.10.06"]
[SourceVersion "1"]
[SourceVersionDate "2021.10.06"]
[SourceQuality "1"]

1. d4 Nf6 2. Nf3 e6 3. e3 b6 4. Bd3 Bb7 5. O-O Be7 6. c4 O-O 7. Nc3 c5 8. d5 d6 9. e4 e5 10. g3 a6 11. a4 Nbd7 12. Nh4 g6 13. Ng2 Nh5 14. f4 Bf6 15. f5 Bg5 16. Be2 Ng7 17. h4 Bxc1 18. Qxc1 f6 19. g4 b5 20. axb5 axb5 21. Rxa8 Qxa8 22. Nxb5 gxf5 23. exf5 Qa6 24. Nc3 Nb6 25. b3 Qa5 26. Ne4 Qa2 27. Rf2 Qxb3 28. Nxd6 Ba6 29. g5 Qg3 30. Ne4 Qh3 31. gxf6 Ne8 32. Qg5+ Kh8 33. Rf3 Qxf3 34. Bxf3 Bxc4 35. Qh6 Rf7 36. Ng5 1-0

[Event "Titled Tuesday intern op 31st Aug"]
[Site "Chess.com INT"]
[Date "2021.08.31"]
[Round "2"]
[White "Hasman, Cengiz"]
[Black "Gerzhoy, Leonid"]
[Result "0-1"]
[WhiteElo "2101"]
[BlackElo "2348"]
[PlyCount "108"]
[GameId "1689765069365248"]
[EventDate "2021.08.31"]
[EventType "swiss (blitz)"]
[EventRounds "11"]
[EventCountry "USA"]
[SourceTitle "EXT 2022"]
[Source "ChessBase"]
[SourceDate "2021.10.06"]
[SourceVersion "1"]
[SourceVersionDate "2021.10.06"]
[SourceQuality "1"]

1. d4 Nf6 2. c4 d6 3. Nc3 e5 4. Nf3 Nbd7 5. e3 g6 6. g3 Bg7 7. Bg2 O-O 8. O-O c6 9. b3 e4 10. Nd2 d5 11. cxd5 cxd5 12. Ba3 Re8 13. Nb5 Qa5 14. Qc1 Re6 15. Nc3 Rc6 16. b4 Qc7 17. Bb2 Nb6 18. b5 Re6 19. a4 Bd7 20. a5 Nc4 21. Nxc4 Qxc4 22. Ra4 Qc8 23. Qa1 a6 24. Rb4 Bf8 25. Rb3 axb5 26. Nxb5 Qc4 27. Qa2 Bxb5 28. Rc1 Qa4 29. Qxa4 Bxa4 30. Rxb7 Rxa5 31. Rb8 Rb5 32. Rcc8 Rxb8 33. Rxb8 Re8 34. Rb6 Kg7 35. Bf1 Bd1 36. Bc3 Rc8 37. Bd2 Rc2 38. Be1 Be2 39. Bxe2 Rxe2 40. Ba5 Ng4 41. h3 Nxf2 42. Kf1 Rc2 43. Bb4 Bxb4 44. Rxb4 Nxh3 45. g4 Ng5 46. Rb5 Nf3 47. Rxd5 f6 48. Rd7+ Kh6 49. d5 Kg5 50. Rxh7 Kxg4 51. d6 Kg3 52. Rh3+ Kxh3 53. d7 Kg3 54. d8=Q Rf2# 0-1

[Event "Titled Tuesday intern op 31st Aug"]
[Site "Chess.com INT"]
[Date "2021.08.31"]
[Round "4"]
[White "Gerzhoy, Leonid"]
[Black "Brunello, Marina"]
[Result "1-0"]
[WhiteElo "2348"]
[BlackElo "2379"]
[PlyCount "41"]
[GameId "1689765070831616"]
[EventDate "2021.08.31"]
[EventType "swiss (blitz)"]
[EventRounds "11"]
[EventCountry "USA"]
[SourceTitle "EXT 2022"]
[Source "ChessBase"]
[SourceDate "2021.10.06"]
[SourceVersion "1"]
[SourceVersionDate "2021.10.06"]
[SourceQuality "1"]

1. d4 d5 2. c4 c6 3. cxd5 cxd5 4. Nc3 Nf6 5. Nf3 Nc6 6. Bf4 a6 7. e3 Bg4 8. Be2 e6 9. O-O Bxf3 10. Bxf3 Bd6 11. Bxd6 Qxd6 12. Rc1 O-O 13. Na4 Nd7 14. Nc5 Nxc5 15. Rxc5 b6 16. Rc3 Na5 17. Qa4 Rfc8 18. Rfc1 Rxc3 19. Rxc3 Nc4 20. Rxc4 b5 21. Qb4 1-0

[Event "Titled Tuesday intern op 31st Aug"]
[Site "Chess.com INT"]
[Date "2021.08.31"]
[Round "9"]
[White "Gerzhoy, Leonid"]
[Black "Lopez Gracia, Fernando"]
[Result "1/2-1/2"]
[WhiteElo "2348"]
[BlackElo "2289"]
[PlyCount "80"]
[GameId "1689765075324928"]
[EventDate "2021.08.31"]
[EventType "swiss (blitz)"]
[EventRounds "11"]
[EventCountry "USA"]
[SourceTitle "EXT 2022"]
[Source "ChessBase"]
[SourceDate "2021.10.06"]
[SourceVersion "1"]
[SourceVersionDate "2021.10.06"]
[SourceQuality "1"]

1. d4 Nf6 2. Nf3 e6 3. e3 c5 4. Bd3 b6 5. O-O Bb7 6. c4 Be7 7. Nc3 O-O 8. d5 exd5 9. cxd5 d6 10. e4 a6 11. a4 Nbd7 12. h3 Re8 13. Bf4 Bf8 14. Nd2 Ne5 15. Be2 Rc8 16. Bh2 c4 17. Bxe5 Rxe5 18. Nxc4 Re7 19. Qd4 b5 20. axb5 axb5 21. Ne3 Nd7 22. Bxb5 Nc5 23. b4 Nb3 24. Qd3 Nxa1 25. Rxa1 Rec7 26. Bc6 Bxc6 27. dxc6 Rxc6 28. Ncd5 Rc1+ 29. Rxc1 Rxc1+ 30. Kh2 g6 31. b5 Bh6 32. b6 Rc8 33. b7 Rb8 34. Qa6 Bxe3 35. fxe3 Qg5 36. Qc6 Qe5+ 37. Kg1 Qa1+ 38. Kh2 Qe5+ 39. Kg1 Qa1+ 40. Kh2 Qe5+ 1/2-1/2

[Event "Titled Tuesday intern op 31st Aug"]
[Site "Chess.com INT"]
[Date "2021.08.31"]
[Round "10"]
[White "Karavade, Eesha"]
[Black "Gerzhoy, Leonid"]
[Result "1/2-1/2"]
[WhiteElo "2345"]
[BlackElo "2348"]
[PlyCount "83"]
[GameId "1689765075996672"]
[EventDate "2021.08.31"]
[EventType "swiss (blitz)"]
[EventRounds "11"]
[EventCountry "USA"]
[SourceTitle "EXT 2022"]
[Source "ChessBase"]
[SourceDate "2021.10.06"]
[SourceVersion "1"]
[SourceVersionDate "2021.10.06"]
[SourceQuality "1"]

1. d4 Nf6 2. c4 d6 3. Nc3 e5 4. Nf3 Nbd7 5. e4 Be7 6. Be2 O-O 7. h3 c6 8. Be3 a6 9. O-O b5 10. d5 cxd5 11. Nxd5 Bb7 12. cxb5 axb5 13. Nxe7+ Qxe7 14. Bxb5 Bxe4 15. Be2 d5 16. Bg5 h6 17. Bxf6 Nxf6 18. Re1 Bxf3 19. Bxf3 e4 20. Qd4 Rfb8 21. Bd1 Rb4 22. Qd2 Rab8 23. Bb3 Rxb3 24. axb3 Rxb3 25. Qd4 Rb4 26. Ra7 Rxd4 27. Rxe7 Rb4 28. Re2 d4 29. R2xe4 Nxe4 30. Rxe4 Rxb2 31. Rxd4 Ra2 32. h4 h5 33. g3 g6 34. Kg2 Kg7 35. Rd6 Ra3 36. Rb6 Rc3 37. Ra6 Rb3 38. Rc6 Ra3 39. Rb6 Rc3 40. Ra6 Rb3 41. Rc6 Ra3 42. Rb6 1/2-1/2

[Event "Titled Tuesday intern op 07th Sept"]
[Site "Chess.com INT"]
[Date "2021.09.07"]
[Round "4"]
[White "Gerzhoy, Leonid"]
[Black "Dvirnyy, Danyyil"]
[Result "1/2-1/2"]
[WhiteElo "2348"]
[BlackElo "2488"]
[PlyCount "58"]
[GameId "1692343231508480"]
[EventDate "2021.09.07"]
[EventType "swiss (blitz)"]
[EventRounds "11"]
[EventCountry "USA"]
[SourceTitle "EXT 2022"]
[Source "ChessBase"]
[SourceDate "2021.10.06"]
[SourceVersion "1"]
[SourceVersionDate "2021.10.06"]
[SourceQuality "1"]

1. d4 Nf6 2. Nf3 g6 3. Bg5 Bg7 4. Nbd2 O-O 5. c3 d6 6. e4 c5 7. d5 e6 8. dxe6 Bxe6 9. Bc4 d5 10. exd5 Bxd5 11. O-O Nc6 12. Bxd5 Qxd5 13. Qb3 Qxb3 14. axb3 h6 15. Bxf6 Bxf6 16. Nc4 Rad8 17. Rfd1 b5 18. Ne3 b4 19. Nd5 Rd6 20. Nxf6+ Rxf6 21. Ra6 bxc3 22. bxc3 Rb8 23. Ne5 Rc8 24. Nxc6 Rfxc6 25. Rxc6 Rxc6 26. Ra1 Rb6 27. Ra3 Rd6 28. g3 Rd3 29. Rxa7 Rxc3 1/2-1/2

[Event "Titled Tuesday intern op 07th Sept"]
[Site "Chess.com INT"]
[Date "2021.09.07"]
[Round "7"]
[White "Gerzhoy, Leonid"]
[Black "Navalgund, Niranjan"]
[Result "0-1"]
[WhiteElo "2348"]
[BlackElo "2289"]
[PlyCount "90"]
[GameId "1692343234383872"]
[EventDate "2021.09.07"]
[EventType "swiss (blitz)"]
[EventRounds "11"]
[EventCountry "USA"]
[SourceTitle "EXT 2022"]
[Source "ChessBase"]
[SourceDate "2021.10.06"]
[SourceVersion "1"]
[SourceVersionDate "2021.10.06"]
[SourceQuality "1"]

1. d4 Nf6 2. Nf3 e6 3. e3 c5 4. Bd3 d5 5. b3 Nc6 6. O-O Bd6 7. Bb2 Qc7 8. c4 O-O 9. Nc3 a6 10. dxc5 Bxc5 11. cxd5 exd5 12. Rc1 Ba7 13. e4 dxe4 14. Nxe4 Nxe4 15. Bxe4 Qf4 16. Rc4 Qh6 17. Qc1 Qxc1 18. Rfxc1 Bd7 19. Ne5 Nxe5 20. Bxe5 Rae8 21. Bd6 Bb5 22. Rb4 Rc8 23. Rxc8 Rxc8 24. h4 Rc1+ 25. Kh2 Bxf2 26. a4 Bg1+ 27. Kg3 Rc3+ 28. Bf3 Bc6 29. Kg4 a5 30. Rf4 Bd7+ 31. Kg3 Rxb3 32. Re4 h6 33. Re7 Bc6 34. Kg4 Bxf3+ 35. gxf3 b5 36. axb5 Rxb5 37. h5 a4 38. Re8+ Kh7 39. Ra8 Rd5 40. Bf4 Rd4 41. Kf5 Rc4 42. Be5 Rh4 43. f4 f6 44. Ke4 fxe5 45. Kxe5 Bh2 0-1

[Event "Titled Tuesday intern op 07th Sept"]
[Site "Chess.com INT"]
[Date "2021.09.07"]
[Round "8"]
[White "Idrisov, Ildar F"]
[Black "Gerzhoy, Leonid"]
[Result "1/2-1/2"]
[WhiteElo "2282"]
[BlackElo "2348"]
[PlyCount "89"]
[GameId "1692343234695168"]
[EventDate "2021.09.07"]
[EventType "swiss (blitz)"]
[EventRounds "11"]
[EventCountry "USA"]
[SourceTitle "EXT 2022"]
[Source "ChessBase"]
[SourceDate "2021.10.06"]
[SourceVersion "1"]
[SourceVersionDate "2021.10.06"]
[SourceQuality "1"]

1. Nf3 Nf6 2. b3 d5 3. Bb2 Bg4 4. e3 Nbd7 5. d4 e6 6. Be2 Bd6 7. O-O O-O 8. Ne5 Bxe2 9. Qxe2 Bxe5 10. dxe5 Ne8 11. Nd2 f6 12. Nf3 fxe5 13. Nxe5 Nxe5 14. Bxe5 Qg5 15. f4 Qg6 16. c4 Nd6 17. Bxd6 cxd6 18. cxd5 exd5 19. Rad1 Qe6 20. Qf3 Rae8 21. Rxd5 Qxe3+ 22. Qxe3 Rxe3 23. g3 Re2 24. Rf2 Rxf2 25. Kxf2 Rc8 26. Rxd6 Rc2+ 27. Kf3 Rxh2 28. a4 b6 29. b4 h5 30. Rd8+ Kh7 31. Rd7 a6 32. Rd6 Ra2 33. Rxb6 Rxa4 34. Kg2 a5 35. bxa5 Rxa5 36. Kh3 Ra1 37. Kh4 Rh1+ 38. Kg5 Rg1 39. Kxh5 Rxg3 40. f5 Rg1 41. Ra6 Rh1+ 42. Kg5 Rg1+ 43. Kh5 Rh1+ 44. Kg5 Rg1+ 45. Kh5 1/2-1/2

[Event "Titled Tuesday intern op 14th Sept"]
[Site "Chess.com INT"]
[Date "2021.09.14"]
[Round "1"]
[White "Lock, Gavin R"]
[Black "Gerzhoy, Leonid"]
[Result "0-1"]
[WhiteElo "2107"]
[BlackElo "2348"]
[PlyCount "57"]
[GameId "1694855250145280"]
[EventDate "2021.09.14"]
[EventType "swiss (blitz)"]
[EventRounds "11"]
[EventCountry "USA"]
[SourceTitle "EXT 2022"]
[Source "ChessBase"]
[SourceDate "2021.10.06"]
[SourceVersion "1"]
[SourceVersionDate "2021.10.06"]
[SourceQuality "1"]

1. d4 Nf6 2. Bg5 Ne4 3. Bf4 d5 4. e3 Bf5 5. f3 Nf6 6. g4 Bg6 7. h4 h5 8. g5 Nfd7 9. Bd3 Bxd3 10. Qxd3 g6 11. Nc3 c6 12. O-O-O Bg7 13. e4 O-O 14. exd5 cxd5 15. Nxd5 Nc6 16. Ne2 e5 17. dxe5 Ndxe5 18. Qb3 Qa5 19. Kb1 Rad8 20. Nec3 Rd7 21. Nf6+ Bxf6 22. gxf6 Rfd8 23. Rxd7 Rxd7 24. Ne4 Qd5 25. a3 Qxb3 26. cxb3 Nxf3 27. b4 Rd4 28. Ng5 Rxf4 29. Re1 0-1

[Event "Titled Tuesday intern op 14th Sept"]
[Site "Chess.com INT"]
[Date "2021.09.14"]
[Round "3"]
[White "Plotnikov, Pavel"]
[Black "Gerzhoy, Leonid"]
[Result "0-1"]
[WhiteElo "2297"]
[BlackElo "2348"]
[PlyCount "152"]
[GameId "1694855252353024"]
[EventDate "2021.09.14"]
[EventType "swiss (blitz)"]
[EventRounds "11"]
[EventCountry "USA"]
[SourceTitle "EXT 2022"]
[Source "ChessBase"]
[SourceDate "2021.10.06"]
[SourceVersion "1"]
[SourceVersionDate "2021.10.06"]
[SourceQuality "1"]

1. e4 d6 2. d4 Nf6 3. Nc3 e5 4. Nge2 Be7 5. g3 O-O 6. Bg2 a6 7. O-O b5 8. a3 Bb7 9. h3 Nbd7 10. Be3 Re8 11. d5 c6 12. dxc6 Bxc6 13. Nd5 Bxd5 14. exd5 Rc8 15. Qd2 Qc7 16. Rfc1 Qb7 17. Rd1 Bd8 18. a4 Bb6 19. Bxb6 Qxb6 20. a5 Qc7 21. c3 Nc5 22. Nc1 e4 23. Qe3 Re5 24. b4 Ncd7 25. Ne2 Nxd5 26. Qd4 N7f6 27. Ra3 Qc4 28. Bf1 Qxd4 29. Nxd4 Rxc3 30. Rxc3 Nxc3 31. Rc1 Ncd5 32. Rc8+ Re8 33. Rc6 Nxb4 34. Rxd6 e3 35. fxe3 Rxe3 36. Kf2 Ne4+ 37. Kxe3 Nxd6 38. Be2 Kf8 39. Nb3 Ke7 40. Nc5 Nc6 41. Nb3 Nc4+ 42. Bxc4 bxc4 43. Nc5 Nxa5 44. Nxa6 Kd6 45. Kd4 f5 46. Nb4 g5 47. Nd5 Nb3+ 48. Kxc4 Nd2+ 49. Kd4 Nf3+ 50. Kc4 Ng1 51. Ne3 Ke5 52. h4 gxh4 53. gxh4 f4 54. Nf1 f3 55. Kd3 Kf4 56. Kd2 Ne2 57. Ke1 Ng3 58. Kf2 Ne4+ 59. Kg1 Kg4 60. Nh2+ Kg3 61. Nxf3 Kxf3 62. h5 Kg4 63. h6 Kg5 64. Kg2 Kxh6 65. Kf3 Nf6 66. Kf4 Kg6 67. Kg3 h5 68. Kh4 Kh6 69. Kg3 Kg5 70. Kh3 h4 71. Kg2 Kg4 72. Kh2 h3 73. Kg1 Kg3 74. Kh1 Ng4 75. Kg1 h2+ 76. Kh1 Nf2# 0-1

[Event "Titled Tuesday intern op 14th Sept"]
[Site "Chess.com INT"]
[Date "2021.09.14"]
[Round "6"]
[White "Gerzhoy, Leonid"]
[Black "Ogloblin, Nikolay"]
[Result "0-1"]
[WhiteElo "2348"]
[BlackElo "2346"]
[PlyCount "124"]
[GameId "1694855254487040"]
[EventDate "2021.09.14"]
[EventType "swiss (blitz)"]
[EventRounds "11"]
[EventCountry "USA"]
[SourceTitle "EXT 2022"]
[Source "ChessBase"]
[SourceDate "2021.10.06"]
[SourceVersion "1"]
[SourceVersionDate "2021.10.06"]
[SourceQuality "1"]

1. d4 Nf6 2. Nf3 e6 3. e3 b6 4. Bd3 Bb7 5. O-O g6 6. c4 Bg7 7. Nc3 d6 8. b3 O-O 9. Bb2 Nbd7 10. Qe2 a6 11. Rfd1 c5 12. Rac1 Qe7 13. Bb1 Rfe8 14. Ng5 cxd4 15. exd4 d5 16. Nf3 Rac8 17. Ne5 dxc4 18. bxc4 Nxe5 19. dxe5 Nd7 20. f4 Nc5 21. Ne4 Bxe4 22. Bxe4 Nxe4 23. Qxe4 Red8 24. Bd4 Qc7 25. Bf2 Bf8 26. h4 h5 27. Kh2 Bc5 28. Bxc5 Qxc5 29. Qf3 Rxd1 30. Rxd1 Qxc4 31. Rd7 b5 32. Qg3 Qc6 33. Rd6 Qb7 34. Qg5 Re8 35. f5 exf5 36. e6 Rxe6 37. Rxe6 fxe6 38. Qxg6+ Kf8 39. Qxe6 Qc7+ 40. Kh3 f4 41. Qf6+ Qf7 42. Qd8+ Kg7 43. Qd4+ Kh7 44. Qe4+ Kh6 45. Qe5 Kg6 46. Qg5+ Kh7 47. Qe5 Qxa2 48. Qxh5+ Kg7 49. Qg5+ Kf7 50. Qxf4+ Ke7 51. h5 Qe6+ 52. Kh4 Qf6+ 53. Qxf6+ Kxf6 54. g4 b4 55. g5+ Kg7 56. g6 Kh6 57. Kg4 b3 58. Kf5 Kg7 59. Kg5 b2 60. h6+ Kg8 61. Kf6 b1=Q 62. h7+ Kh8 0-1

[Event "Titled Tuesday intern op 14th Sept"]
[Site "Chess.com INT"]
[Date "2021.09.14"]
[Round "7"]
[White "Hasman, Cengiz"]
[Black "Gerzhoy, Leonid"]
[Result "0-1"]
[WhiteElo "2101"]
[BlackElo "2348"]
[PlyCount "60"]
[GameId "1694855254855680"]
[EventDate "2021.09.14"]
[EventType "swiss (blitz)"]
[EventRounds "11"]
[EventCountry "USA"]
[SourceTitle "EXT 2022"]
[Source "ChessBase"]
[SourceDate "2021.10.06"]
[SourceVersion "1"]
[SourceVersionDate "2021.10.06"]
[SourceQuality "1"]

1. d4 Nf6 2. c4 d6 3. Nc3 e5 4. Nf3 Nbd7 5. e4 Be7 6. g3 O-O 7. Bg2 c6 8. O-O a6 9. a4 a5 10. Qc2 Re8 11. Rd1 Bf8 12. h3 exd4 13. Nxd4 Nc5 14. f3 g6 15. Bg5 Bg7 16. Qd2 Qb6 17. Kh2 Nfd7 18. Ra3 Ne5 19. Qe2 Qb4 20. Bf1 Nxc4 21. Qxc4 Qxb2+ 22. Rd2 Qxa3 23. f4 Qb4 24. f5 Be5 25. Bf4 Nxa4 26. Bxe5 dxe5 27. fxg6 hxg6 28. Qxb4 axb4 29. Nxa4 Rxa4 30. Nf3 b3 0-1

[Event "Titled Tuesday intern op 14th Sept"]
[Site "Chess.com INT"]
[Date "2021.09.14"]
[Round "11"]
[White "Gerzhoy, Leonid"]
[Black "Mickiewicz, Piotr"]
[Result "1/2-1/2"]
[WhiteElo "2348"]
[BlackElo "2308"]
[PlyCount "116"]
[GameId "1694855257722880"]
[EventDate "2021.09.14"]
[EventType "swiss (blitz)"]
[EventRounds "11"]
[EventCountry "USA"]
[SourceTitle "EXT 2022"]
[Source "ChessBase"]
[SourceDate "2021.10.06"]
[SourceVersion "1"]
[SourceVersionDate "2021.10.06"]
[SourceQuality "1"]

1. d4 d5 2. c4 e6 3. Nc3 Nf6 4. Nf3 c6 5. e3 Nbd7 6. Bd3 dxc4 7. Bxc4 b5 8. Be2 a6 9. a3 c5 10. dxc5 Bxc5 11. O-O Bb7 12. b4 Be7 13. Bb2 O-O 14. Nd4 Rc8 15. Nb3 Ba8 16. Na5 Qb6 17. Bf3 Rfd8 18. Bxa8 Rxa8 19. Qb3 Ne5 20. Rfd1 Nd3 21. Nd5 Rxd5 22. Rxd3 Rxd3 23. Qxd3 Rd8 24. Qc2 Qd6 25. Nc6 Rd7 26. Bd4 Rc7 27. Rc1 Nd5 28. g3 Bf6 29. Bxf6 gxf6 30. Qc5 Qxc5 31. Rxc5 Kf8 32. e4 Ne7 33. Nb8 Rxc5 34. Nd7+ Ke8 35. Nxc5 a5 36. bxa5 Kd8 37. a6 Nc6 38. h4 Kc7 39. h5 f5 40. exf5 exf5 41. h6 Kb6 42. Nd7+ Kxa6 43. Nf6 Ne7 44. Nxh7 Ng8 45. Kg2 Nxh6 46. Kf3 Ka5 47. Kf4 Ka4 48. Kg5 Kxa3 49. Kxh6 b4 50. Ng5 b3 51. Nf3 b2 52. Nd2 Kb4 53. Kg5 Kc3 54. Nb1+ Kc2 55. Na3+ Kb3 56. Nb1 Kc2 57. Na3+ Kb3 58. Nb1 Kc2 1/2-1/2

[Event "Titled Tuesday intern op 28th Feb Late"]
[Site "Chess.com INT"]
[Date "2023.02.28"]
[Round "7"]
[White "Cheng, Xiao"]
[Black "Gerzhoy, Leonid"]
[Result "0-1"]
[WhiteElo "2288"]
[BlackElo "2348"]
[PlyCount "78"]
[GameId "1887647063461888"]
[EventDate "2023.02.28"]
[EventType "swiss (blitz)"]
[EventRounds "11"]
[EventCountry "USA"]
[SourceTitle "CBM 213 Extra"]
[Source "ChessBase"]
[SourceDate "2023.05.31"]
[SourceVersion "1"]
[SourceVersionDate "2023.05.31"]
[SourceQuality "1"]

1. e4 d6 2. d4 Nf6 3. Nc3 e5 4. Nf3 Nc6 5. d5 Ne7 6. h3 g6 7. g4 Bg7 8. Bg2 O-O 9. O-O Ne8 10. Nd2 f5 11. Qe2 Nf6 12. exf5 gxf5 13. g5 Ne8 14. f4 Ng6 15. fxe5 dxe5 16. Nc4 Nd6 17. Nd1 f4 18. Nxd6 cxd6 19. Qh5 Bf5 20. c3 Bd3 21. Re1 Qb6+ 22. Nf2 Bf5 23. Kf1 f3 24. Bxf3 e4 25. Be3 Qxb2 26. Rab1 Qxc3 27. Be2 Qxe3 28. Rb3 Qf4 29. Kg1 e3 30. Qf3 exf2+ 31. Kxf2 Bd4+ 32. Kg2 Nh4+ 33. Kh1 Nxf3 34. Rxf3 Be4 35. Ref1 Bxf3+ 36. Rxf3 Qc1+ 37. Bf1 Rxf3 38. Kg2 Qxf1+ 39. Kh2 Rxh3# 0-1